Statistics for Western Films by Picture

Click here to take the quiz!

General Stats

  • This quiz has been taken 38 times
  • The average score is 15 of 28

Answer Stats

Answer% Correct
The Good, The Bad and the Ugly
97%
Django Unchained
94%
The Revenant
89%
No Country for Old Men
86%
Dances with Wolves
83%
Rango
83%
The Lone Ranger
83%
The Hateful Eight
77%
True Grit
69%
Blazing Saddles
60%
The Magnificent Seven
60%
Three Amigos!
60%
Wild Wild West
57%
The Ballad of Buster Scruggs
54%
There Will Be Blood
54%
Tombstone
54%
Butch Cassidy and the Sundance Kid
49%
Unforgiven
46%
3.10 to Yuma
43%
Stagecoach
37%
The Searchers
34%
Once Upon a Time in the West
31%
The Quick and the Dead
31%
The Sisters Brothers
29%
The Power of the Dog
26%
The Wild Bunch
20%
One-Eyed Jacks
17%
The Harder They Fall
14%

Score Distribution

Percentile by Number Answered

Percent of People with Each Score

Your Score History

You have not taken this quiz